[Event "DEM U10 2023"]
[Site "Willingen GER"]
[Date "2023.05.31"]
[Round "6"]
[White "Ziem, Ole"]
[Black "Simon, Levi Paul"]
[Result "1-0"]
[Termination "normal"]
[Board "26"]
[WhiteElo "1312"]
[BlackElo "1297"]
[WhiteClock "00:29:23"]
[BlackClock "01:07:45"]
[PlyCount "53"]
[WhiteFideId "34624791"]
[BlackFideId "34652310"]
[EventCountry "GER"]
[EventRounds "11"]
[EventType "swiss"]
[EventDate "2023.05.27"]

1. e4 {[%clk 01:15:59]} e5 {[%clk 01:15:54]} {[%emt 00:00:06]} 2. Nf3 {[%clk
01:16:23]} {[%emt 00:00:06]} Nf6 {[%clk 01:16:16]} {[%emt 00:00:08]} 3. Nxe5
{[%clk 01:16:39]} {[%emt 00:00:14]} d6 {[%clk 01:16:35]} {[%emt 00:00:11]} 4.
Nf3 {[%clk 01:16:58]} {[%emt 00:00:10]} Nxe4 {[%clk 01:16:57]} {[%emt
00:00:08]} 5. d4 {[%clk 01:17:18]} {[%emt 00:00:10]} d5 {[%clk 01:17:19]}
{[%emt 00:00:07]} 6. Bd3 {[%clk 01:17:22]} {[%emt 00:00:26]} Nc6 {[%clk
01:17:39]} {[%emt 00:00:11]} 7. O-O {[%clk 01:17:21]} {[%emt 00:00:31]} Be7
{[%clk 01:18:01]} {[%emt 00:00:08]} 8. c4 {[%clk 01:17:30]} {[%emt 00:00:21]}
Nb4 {[%clk 01:18:20]} {[%emt 00:00:11]} 9. cxd5 {[%clk 01:17:48]} {[%emt
00:00:11]} Nxd3 {[%clk 01:18:34]} {[%emt 00:00:16]} 10. Qxd3 {[%clk 01:18:12]}
{[%emt 00:00:06]} Qxd5 {[%clk 01:18:51]} {[%emt 00:00:13]} 11. Re1 {[%clk
01:17:35]} {[%emt 00:01:08]} Bf5 {[%clk 01:18:48]} {[%emt 00:00:33]} 12. g4
{[%clk 01:17:50]} {[%emt 00:00:14]} Bg6 {[%clk 01:18:42]} {[%emt 00:00:37]} 13.
Nc3 {[%clk 01:17:51]} {[%emt 00:00:29]} Nxc3 {[%clk 01:18:52]} {[%emt
00:00:18]} 14. Qxc3 {[%clk 01:18:17]} {[%emt 00:00:05]} Qd6 {[%clk 01:18:19]}
{[%emt 00:01:03]} 15. Qe3 {[%clk 01:17:54]} {[%emt 00:00:53]} Rd8 {[%clk
01:14:31]} {[%emt 00:04:18]} 16. Bd2 {[%clk 01:16:27]} {[%emt 00:01:57]} f6
{[%clk 01:10:48]} {[%emt 00:04:14]} 17. Nh4 {[%clk 01:11:53]} {[%emt 00:05:04]}
Kf7 {[%clk 01:10:35]} {[%emt 00:00:43]} 18. a3 {[%clk 01:07:26]} {[%emt
00:04:58]} Rhe8 {[%clk 01:10:12]} {[%emt 00:00:52]} 19. Bb4 {[%clk 01:04:01]}
{[%emt 00:03:56]} Qd7 {[%clk 01:10:32]} {[%emt 00:00:10]} 20. Qb3+ {[%clk
01:02:33]} {[%emt 00:01:56]} Qd5 {[%clk 01:10:30]} {[%emt 00:00:33]} 21. Qg3
{[%clk 00:48:21]} {[%emt 00:14:42]} Bxb4 {[%clk 01:09:58]} {[%emt 00:01:02]}
22. axb4 {[%emt 00:00:24]} Rxe1+ {[%clk 01:09:56]} {[%emt 00:00:30]} 23. Rxe1
{[%clk 00:48:52]} {[%emt 00:00:07]} Qxd4 {[%clk 01:09:40]} {[%emt 00:00:46]}
24. Qxc7+ {[%clk 00:34:18]} {[%emt 00:15:04]} Rd7 {[%clk 01:09:47]} {[%emt
00:00:23]} 25. Qc8 {[%clk 00:29:40]} {[%emt 00:05:09]} Qxg4+ {[%clk 01:08:15]}
{[%emt 00:02:01]} 26. Ng2 {[%clk 00:30:02]} {[%emt 00:00:08]} Be4 {[%clk
01:07:45]} {[%emt 00:01:00]} 27. Qc4+ {[%clk 00:29:23]} {[%emt 00:01:09]} 1-0

[Event "DEM U10 2023"]
[Site "Willingen GER"]
[Date "2023.05.31"]
[Round "6"]
[White "Weibrecht, Theo"]
[Black "Khanbekyan, Aram"]
[Result "1-0"]
[Termination "normal"]
[Board "28"]
[WhiteElo "1170"]
[BlackElo "1328"]
[WhiteClock "01:02:47"]
[BlackClock "00:49:23"]
[PlyCount "101"]
[WhiteFideId "34660240"]
[BlackFideId "34606149"]
[EventCountry "GER"]
[EventRounds "11"]
[EventType "swiss"]
[EventDate "2023.05.27"]

1. e4 {[%clk 01:15:59]} {[%emt 00:00:01]} c5 {[%clk 01:15:53]} {[%emt
00:00:08]} 2. Nf3 {[%clk 01:16:23]} {[%emt 00:00:05]} Nc6 {[%clk 01:16:15]}
{[%emt 00:00:08]} 3. d4 {[%clk 01:16:41]} {[%emt 00:00:11]} cxd4 {[%clk
01:16:39]} {[%emt 00:00:07]} 4. Nxd4 {[%clk 01:16:56]} {[%emt 00:00:07]} g6
{[%clk 01:17:04]} {[%emt 00:00:13]} 5. c4 {[%clk 01:17:17]} {[%emt 00:00:07]}
Bg7 {[%clk 01:17:25]} {[%emt 00:00:11]} 6. Be3 {[%clk 01:17:40]} {[%emt
00:00:06]} Nf6 {[%clk 01:17:38]} {[%emt 00:00:18]} 7. Nc3 {[%clk 01:18:02]}
{[%emt 00:00:07]} O-O {[%clk 01:17:37]} {[%emt 00:00:31]} 8. Be2 {[%clk
01:18:22]} {[%emt 00:00:08]} d6 {[%clk 01:17:46]} {[%emt 00:00:23]} 9. O-O
{[%emt 00:00:17]} Nxd4 {[%emt 00:00:17]} 10. Bxd4 {[%clk 01:18:00]} {[%emt
00:00:09]} Nd7 {[%clk 01:18:07]} {[%emt 00:00:18]} 11. Bxg7 {[%clk 01:18:19]}
{[%emt 00:00:10]} Kxg7 {[%clk 01:18:29]} {[%emt 00:00:09]} 12. Qd2 {[%clk
01:17:18]} {[%emt 00:01:28]} Nf6 {[%clk 01:18:06]} {[%emt 00:00:56]} 13. Bd3
{[%clk 01:17:23]} {[%emt 00:00:14]} Be6 {[%clk 01:17:04]} {[%emt 00:01:43]} 14.
Rae1 {[%clk 01:17:03]} {[%emt 00:00:47]} Qd7 {[%clk 01:17:15]} {[%emt
00:00:21]} 15. Re3 {[%clk 01:14:58]} {[%emt 00:02:31]} Rad8 {[%clk 01:15:00]}
{[%emt 00:02:47]} 16. Nd5 {[%clk 01:13:08]} {[%emt 00:02:21]} Nxd5 {[%clk
01:04:59]} {[%emt 00:10:32]} 17. exd5 {[%emt 00:00:24]} Bf5 {[%emt 00:00:12]}
18. Bxf5 {[%emt 00:00:13]} Qxf5 {[%emt 00:00:13]} 19. Rh3 {[%clk 01:12:13]}
{[%emt 00:00:14]} h5 {[%clk 01:05:05]} {[%emt 00:00:33]} 20. Rf3 {[%clk
01:11:28]} {[%emt 00:00:59]} Qd7 {[%clk 01:03:51]} {[%emt 00:01:54]} 21. Qd4+
{[%emt 00:00:50]} Kg8 {[%emt 00:00:43]} 22. Qxa7 {[%emt 00:00:25]} Ra8 {[%emt
00:00:14]} 23. Qe3 {[%clk 01:09:01]} {[%emt 00:00:34]} Rxa2 {[%clk 01:04:04]}
{[%emt 00:00:34]} 24. b3 {[%clk 01:09:03]} {[%emt 00:00:29]} Rfa8 {[%clk
01:03:20]} {[%emt 00:01:13]} 25. h3 {[%clk 01:09:10]} {[%emt 00:00:21]} Rb2
{[%clk 01:01:31]} {[%emt 00:02:15]} 26. Qf4 {[%clk 01:08:40]} {[%emt 00:01:00]}
Rf8 {[%clk 00:58:33]} {[%emt 00:03:35]} 27. Rg3 {[%clk 01:08:11]} {[%emt
00:00:45]} e5 {[%clk 00:56:05]} {[%emt 00:03:11]} 28. dxe6 {[%emt 00:00:59]}
Qxe6 {[%emt 00:00:13]} 29. Qh4 {[%clk 01:06:36]} {[%emt 00:00:32]} Qf5 {[%clk
00:53:01]} {[%emt 00:03:56]} 30. Qe7 {[%clk 01:04:59]} {[%emt 00:02:03]} Qe6
{[%clk 00:49:52]} {[%emt 00:03:28]} 31. Qxb7 {[%clk 01:04:45]} {[%emt
00:00:49]} Ra2 {[%clk 00:48:43]} {[%emt 00:01:40]} 32. Qd5 {[%clk 01:04:36]}
{[%emt 00:00:32]} Qxd5 {[%clk 00:48:25]} {[%emt 00:01:04]} 33. cxd5 {[%clk
01:04:36]} {[%emt 00:00:15]} Ra3 {[%clk 00:47:46]} {[%emt 00:01:24]} 34. Rb1
{[%clk 01:04:43]} {[%emt 00:00:18]} Re8 {[%clk 00:47:55]} {[%emt 00:00:23]} 35.
b4 {[%clk 01:04:57]} {[%emt 00:00:18]} Re5 {[%clk 00:47:41]} {[%emt 00:00:38]}
36. Rxa3 {[%emt 00:00:36]} Rxd5 {[%emt 00:00:24]} 37. b5 {[%clk 01:04:23]}
{[%emt 00:00:10]} Rc5 {[%clk 00:47:48]} {[%emt 00:00:23]} 38. b6 {[%clk
01:04:40]} {[%emt 00:00:09]} Rc8 {[%clk 00:48:07]} {[%emt 00:00:15]} 39. b7
{[%clk 01:05:05]} {[%emt 00:00:05]} Rb8 {[%clk 00:47:45]} {[%emt 00:00:52]} 40.
Ra8 {[%clk 01:05:16]} {[%emt 00:00:14]} d5 {[%clk 00:48:05]} {[%emt 00:00:15]}
41. Rxb8+ {[%emt 00:00:10]} Kg7 {[%emt 00:00:06]} 42. Rd8 {[%clk 01:05:19]}
{[%emt 00:00:10]} h4 {[%clk 00:48:27]} {[%emt 00:00:09]} 43. b8=Q {[%emt
00:00:15]} g5 {[%emt 00:00:17]} 44. Qe5+ {[%clk 01:04:59]} {[%emt 00:00:06]} f6
{[%clk 00:48:52]} {[%emt 00:00:17]} 45. Rd7+ {[%clk 01:05:15]} {[%emt
00:00:09]} Kg6 {[%clk 00:49:18]} {[%emt 00:00:09]} 46. g4 {[%clk 01:05:14]}
{[%emt 00:00:27]} hxg3 {[%clk 00:49:23]} {[%emt 00:00:29]} 47. Qxg3 {[%emt
00:00:17]} g4 {[%emt 00:00:20]} 48. Qxg4+ {[%emt 00:00:04]} Kh6 {[%emt
00:00:10]} 49. Rd8 {[%emt 00:00:44]} Kh7 {[%emt 00:00:15]} 50. Rb7+ {[%emt
00:00:07]} Kh6 {[%emt 00:00:13]} 51. Rh8# {[%clk 01:02:47]} {[%emt 00:00:06]}
1-0